[Event "DVM U12 2023"]
[Site "Magdeburg GER"]
[Date "2023.12.27"]
[Round "2"]
[White "Libert, Nick"]
[Black "Meitzner, Johan Eduard"]
[Result "1/2-1/2"]
[Termination "normal"]
[Board "9.2"]
[WhiteElo "1304"]
[BlackElo "1383"]
[WhiteClock "01:09:42"]
[BlackClock "00:04:22"]
[WhiteTeam "SF Brackel 1930"]
[BlackTeam "1. Eichsfelder SC"]
[PlyCount "84"]
[WhiteFideId "34634088"]
[BlackFideId "34623612"]
[EventCountry "GER"]
[EventRounds "7"]
[EventType "team-swiss"]
[EventDate "2023.12.26"]

1. e4 {[%clk 01:30:58]} {[%emt 00:00:01]} c5 {[%clk 01:30:53]} {[%emt
00:00:08]} 2. d4 {[%clk 01:31:23]} {[%emt 00:00:05]} cxd4 {[%clk 01:31:16]}
{[%emt 00:00:07]} 3. c3 {[%clk 01:31:52]} {[%emt 00:00:02]} Nf6 {[%clk
01:31:40]} {[%emt 00:00:05]} 4. e5 {[%clk 01:32:12]} {[%emt 00:00:10]} Nd5
{[%clk 01:32:04]} {[%emt 00:00:06]} 5. cxd4 {[%clk 01:32:36]} {[%emt 00:00:07]}
e6 {[%clk 01:32:22]} {[%emt 00:00:11]} 6. Nf3 {[%clk 01:32:45]} {[%emt
00:00:21]} b6 {[%clk 01:32:23]} {[%emt 00:00:28]} 7. Bc4 {[%clk 01:33:07]}
{[%emt 00:00:10]} Bb7 {[%clk 01:32:22]} {[%emt 00:00:30]} 8. Bd2 {[%clk
01:32:06]} {[%emt 00:01:32]} d6 {[%clk 01:27:10]} {[%emt 00:05:42]} 9. exd6
{[%clk 01:29:58]} {[%emt 00:02:37]} Bxd6 {[%clk 01:26:19]} {[%emt 00:01:20]}
10. Nc3 {[%clk 01:30:24]} {[%emt 00:00:05]} Nxc3 {[%clk 01:25:54]} {[%emt
00:00:55]} 11. Bxc3 {[%clk 01:30:52]} {[%emt 00:00:03]} O-O {[%clk 01:24:17]}
{[%emt 00:02:04]} 12. O-O {[%clk 01:30:21]} {[%emt 00:01:03]} Nd7 {[%clk
01:23:54]} {[%emt 00:00:51]} 13. Re1 {[%clk 01:29:52]} {[%emt 00:01:01]} Rc8
{[%clk 01:22:38]} {[%emt 00:01:42]} 14. Bd3 {[%clk 01:29:05]} {[%emt 00:01:20]}
Nf6 {[%clk 01:19:20]} {[%emt 00:03:46]} 15. Rc1 {[%clk 01:28:37]} {[%emt
00:00:59]} Nd5 {[%clk 01:19:09]} {[%emt 00:00:38]} 16. Qc2 {[%clk 01:27:36]}
{[%emt 00:01:35]} h6 {[%clk 01:15:39]} {[%emt 00:04:00]} 17. Ne5 {[%clk
01:24:08]} {[%emt 00:03:58]} Nb4 {[%clk 01:03:00]} {[%emt 00:13:07]} 18. Qb3
{[%clk 01:22:51]} {[%emt 00:01:49]} Nxd3 {[%clk 01:01:52]} {[%emt 00:01:38]}
19. Nxd3 {[%clk 01:23:10]} {[%emt 00:00:11]} Qg5 {[%clk 01:02:01]} {[%emt
00:00:19]} 20. f3 {[%clk 01:19:36]} {[%emt 00:04:07]} Bxf3 {[%clk 01:00:52]}
{[%emt 00:01:39]} 21. Qc2 {[%clk 01:19:31]} {[%emt 00:00:34]} Bd5 {[%clk
01:00:20]} {[%emt 00:00:59]} 22. Qf2 {[%clk 01:18:16]} {[%emt 00:01:47]} Qh5
{[%clk 00:58:21]} {[%emt 00:02:28]} 23. Nf4 {[%clk 01:17:51]} {[%emt 00:00:57]}
Bxf4 {[%clk 00:58:35]} {[%emt 00:00:15]} 24. Qxf4 {[%clk 01:18:17]} {[%emt
00:00:05]} Qg6 {[%clk 00:58:01]} {[%emt 00:01:01]} 25. Qf2 {[%clk 01:18:02]}
{[%emt 00:00:47]} Rfd8 {[%clk 00:56:28]} {[%emt 00:02:00]} 26. Re3 {[%clk
01:17:29]} {[%emt 00:01:07]} Qg5 {[%clk 00:52:01]} {[%emt 00:04:55]} 27. Rf1
{[%clk 01:17:17]} {[%emt 00:00:42]} Rd7 {[%clk 00:50:03]} {[%emt 00:02:28]} 28.
Rg3 {[%clk 01:17:22]} {[%emt 00:00:27]} Qe7 {[%clk 00:47:28]} {[%emt 00:03:00]}
29. a3 {[%clk 01:17:19]} {[%emt 00:00:38]} Bc4 {[%clk 00:45:19]} {[%emt
00:02:35]} 30. Rc1 {[%clk 01:16:46]} {[%emt 00:01:08]} Rd5 {[%clk 00:45:03]}
{[%emt 00:00:37]} 31. Bb4 {[%clk 01:16:59]} {[%emt 00:00:26]} Qd7 {[%clk
00:38:37]} {[%emt 00:06:53]} 32. b3 {[%clk 01:16:29]} {[%emt 00:01:03]} Rf5
{[%clk 00:38:47]} {[%emt 00:00:15]} 33. Qe3 {[%clk 01:16:14]} {[%emt 00:00:47]}
Ba6 {[%clk 00:38:05]} {[%emt 00:01:11]} 34. Rd1 {[%clk 01:11:57]} {[%emt
00:04:51]} Rf6 {[%clk 00:36:31]} {[%emt 00:02:02]} 35. Qe5 {[%clk 01:11:58]}
{[%emt 00:00:30]} Kh8 {[%clk 00:29:34]} {[%emt 00:07:15]} 36. Bd2 {[%clk
01:12:10]} {[%emt 00:00:30]} Qb5 {[%clk 00:25:21]} {[%emt 00:04:34]} 37. h3
{[%clk 01:11:44]} {[%emt 00:01:06]} Qxe5 {[%clk 00:21:18]} {[%emt 00:04:33]}
38. dxe5 {[%clk 01:11:49]} {[%emt 00:00:25]} Rf5 {[%clk 00:21:34]} {[%emt
00:00:12]} 39. Re1 {[%clk 01:11:49]} {[%emt 00:00:32]} Rc2 {[%clk 00:17:34]}
{[%emt 00:04:25]} 40. Bb4 {[%clk 01:11:18]} {[%emt 00:01:06]} Bb7 {[%clk
00:11:34]} {[%emt 00:06:29]} 41. Rf1 {[%emt 00:05:33]} Rxe5 {[%clk 00:08:21]}
{[%emt 00:00:39]} 42. Rxf7 {[%clk 01:09:42]} {[%emt 00:00:09]} Bd5 {[%clk
00:04:22]} {[%emt 00:04:28]} 1/2-1/2

[Event "DVM U12 2023"]
[Site "Magdeburg GER"]
[Date "2023.12.27"]
[Round "2"]
[White "Löffelholz, Simon"]
[Black "Kovalenko, Andrii"]
[Result "1-0"]
[Termination "normal"]
[Board "9.3"]
[WhiteElo "1271"]
[BlackElo "1170"]
[WhiteClock "00:28:38"]
[BlackClock "01:10:35"]
[WhiteTeam "1. Eichsfelder SC"]
[BlackTeam "SF Brackel 1930"]
[PlyCount "143"]
[WhiteFideId "34623620"]
[BlackFideId "34681795"]
[EventCountry "GER"]
[EventRounds "7"]
[EventType "team-swiss"]
[EventDate "2023.12.26"]

1. d4 {[%clk 01:30:58]} d5 {[%clk 01:30:55]} {[%emt 00:00:06]} 2. Bf4 {[%clk
01:31:22]} {[%emt 00:00:07]} Nf6 {[%clk 01:30:58]} {[%emt 00:00:27]} 3. e3
{[%clk 01:31:39]} {[%emt 00:00:12]} e6 {[%clk 01:31:07]} {[%emt 00:00:21]} 4.
Nf3 {[%clk 01:31:48]} {[%emt 00:00:21]} c5 {[%clk 01:31:25]} {[%emt 00:00:12]}
5. c3 {[%clk 01:32:04]} {[%emt 00:00:14]} Nc6 {[%clk 01:31:35]} {[%emt
00:00:20]} 6. Nbd2 {[%clk 01:32:17]} {[%emt 00:00:16]} Bd7 {[%clk 01:30:35]}
{[%emt 00:01:31]} 7. h3 {[%clk 01:31:32]} {[%emt 00:01:15]} h6 {[%clk
01:29:57]} {[%emt 00:01:08]} 8. Bd3 {[%clk 01:31:27]} {[%emt 00:00:34]} c4
{[%clk 01:29:27]} {[%emt 00:01:01]} 9. Bc2 {[%clk 01:31:41]} {[%emt 00:00:16]}
b5 {[%clk 01:27:28]} {[%emt 00:02:30]} 10. O-O {[%clk 01:31:20]} {[%emt
00:00:50]} Be7 {[%clk 01:24:59]} {[%emt 00:02:59]} 11. Re1 {[%clk 01:29:54]}
{[%emt 00:01:55]} O-O {[%clk 01:25:00]} {[%emt 00:00:30]} 12. e4 {[%clk
01:29:50]} {[%emt 00:00:34]} Re8 {[%clk 01:22:25]} {[%emt 00:03:05]} 13. e5
{[%clk 01:25:32]} {[%emt 00:04:48]} Nh5 {[%clk 01:22:41]} {[%emt 00:00:13]} 14.
Bh2 {[%clk 01:24:54]} {[%emt 00:01:08]} f6 {[%clk 01:22:29]} {[%emt 00:00:42]}
15. g4 {[%clk 01:23:51]} {[%emt 00:01:33]} fxe5 {[%clk 01:21:00]} {[%emt
00:01:59]} 16. gxh5 {[%clk 01:23:36]} {[%emt 00:00:45]} exd4 {[%clk 01:21:16]}
{[%emt 00:00:13]} 17. Nxd4 {[%clk 01:23:19]} {[%emt 00:00:48]} Nxd4 {[%clk
01:21:11]} {[%emt 00:00:35]} 18. cxd4 {[%clk 01:23:20]} {[%emt 00:00:28]} Bf6
{[%clk 01:21:24]} {[%emt 00:00:16]} 19. Bg6 {[%clk 01:17:58]} {[%emt 00:05:52]}
Rf8 {[%clk 01:21:15]} {[%emt 00:00:38]} 20. Bd6 {[%clk 01:17:08]} {[%emt
00:01:22]} Be7 {[%clk 01:21:31]} {[%emt 00:00:14]} 21. Bxe7 {[%clk 01:17:04]}
{[%emt 00:00:35]} Qxe7 {[%clk 01:21:53]} {[%emt 00:00:08]} 22. Qg4 {[%clk
01:11:41]} {[%emt 00:05:50]} e5 {[%clk 01:20:33]} {[%emt 00:01:54]} 23. Qg3
{[%clk 01:10:20]} {[%emt 00:01:49]} e4 {[%clk 01:19:11]} {[%emt 00:01:53]} 24.
Nf3 {[%clk 01:08:02]} {[%emt 00:02:47]} Qb4 {[%clk 01:17:00]} {[%emt 00:02:42]}
25. Ne5 {[%clk 01:03:46]} {[%emt 00:04:46]} Be6 {[%clk 01:14:44]} {[%emt
00:02:45]} 26. b3 {[%clk 01:00:11]} {[%emt 00:04:05]} c3 {[%clk 01:13:47]}
{[%emt 00:01:28]} 27. Nc6 {[%clk 00:58:30]} {[%emt 00:02:11]} Qa3 {[%clk
01:11:48]} {[%emt 00:02:28]} 28. Qxc3 {[%clk 00:44:57]} {[%emt 00:14:04]} Rf3
{[%clk 01:11:53]} {[%emt 00:00:24]} 29. Qc1 {[%clk 00:43:21]} {[%emt 00:02:07]}
Qd6 {[%clk 01:10:45]} {[%emt 00:01:36]} 30. Ne5 {[%clk 00:42:57]} {[%emt
00:00:54]} Rxh3 {[%clk 01:10:24]} {[%emt 00:00:52]} 31. Qc6 {[%clk 00:37:31]}
{[%emt 00:05:53]} Qxc6 {[%clk 01:09:55]} {[%emt 00:01:03]} 32. Nxc6 {[%clk
00:37:38]} {[%emt 00:00:23]} Bg4 {[%clk 01:10:07]} {[%emt 00:00:16]} 33. Ne5
{[%clk 00:34:10]} {[%emt 00:03:58]} Bxh5 {[%clk 01:10:17]} {[%emt 00:00:20]}
34. Bxh5 {[%clk 00:34:01]} {[%emt 00:00:40]} Rxh5 {[%clk 01:10:39]} {[%emt
00:00:08]} 35. Re3 {[%clk 00:34:13]} {[%emt 00:00:18]} Rf8 {[%clk 01:10:10]}
{[%emt 00:00:59]} 36. Rc1 {[%clk 00:34:08]} {[%emt 00:00:35]} Rhf5 {[%clk
01:09:43]} {[%emt 00:00:58]} 37. Ng6 {[%clk 00:32:09]} {[%emt 00:02:29]} Rg5+
{[%clk 01:08:56]} {[%emt 00:01:16]} 38. Rg3 {[%clk 00:31:54]} {[%emt 00:00:44]}
Rxg3+ {[%clk 01:09:21]} {[%emt 00:00:05]} 39. fxg3 {[%clk 00:31:36]} {[%emt
00:00:48]} Rf3 {[%clk 01:09:33]} {[%emt 00:00:19]} 40. Kh2 {[%clk 00:30:14]}
{[%emt 00:01:50]} Rd3 {[%clk 01:09:08]} {[%emt 00:00:57]} 41. Ne7+ {[%clk
00:28:56]} {[%emt 00:01:48]} Kf7 {[%clk 01:09:03]} {[%emt 00:00:35]} 42. Nxd5
{[%clk 00:28:53]} {[%emt 00:00:33]} Rxd4 {[%clk 01:09:15]} {[%emt 00:00:18]}
43. Nf4 {[%clk 00:27:00]} {[%emt 00:02:21]} g5 {[%clk 01:08:06]} {[%emt
00:01:41]} 44. Nh5 {[%clk 00:25:27]} {[%emt 00:02:02]} g4 {[%clk 01:07:42]}
{[%emt 00:00:55]} 45. Rc7+ {[%clk 00:25:27]} {[%emt 00:00:30]} Ke8 {[%clk
01:07:05]} {[%emt 00:01:07]} 46. Ng7+ {[%clk 00:23:17]} {[%emt 00:02:39]} Kd8
{[%clk 01:04:44]} {[%emt 00:02:52]} 47. Ne6+ {[%clk 00:23:38]} {[%emt
00:00:09]} Ke8 {[%clk 01:05:05]} {[%emt 00:00:09]} 48. Nxd4 {[%clk 00:23:54]}
{[%emt 00:00:14]} Kd8 {[%clk 01:05:19]} {[%emt 00:00:15]} 49. Rxa7 {[%clk
00:24:15]} {[%emt 00:00:09]} Kc8 {[%clk 01:05:25]} {[%emt 00:00:21]} 50. Rh7
{[%clk 00:24:40]} {[%emt 00:00:08]} Kd8 {[%clk 01:05:04]} {[%emt 00:00:51]} 51.
Rxh6 {[%clk 00:24:32]} {[%emt 00:00:37]} Kc7 {[%clk 01:05:27]} {[%emt
00:00:07]} 52. Nxb5+ {[%clk 00:24:47]} {[%emt 00:00:16]} Kd7 {[%clk 01:05:42]}
{[%emt 00:00:15]} 53. Nd4 {[%clk 00:25:09]} {[%emt 00:00:08]} Ke7 {[%clk
01:05:56]} {[%emt 00:00:16]} 54. Re6+ {[%clk 00:25:29]} {[%emt 00:00:10]} Kd7
{[%clk 01:06:17]} {[%emt 00:00:09]} 55. Rxe4 {[%clk 00:25:49]} {[%emt
00:00:10]} Kd6 {[%clk 01:06:41]} {[%emt 00:00:05]} 56. a4 {[%clk 00:25:55]}
{[%emt 00:00:25]} Kd5 {[%clk 01:06:41]} {[%emt 00:00:29]} 57. a5 {[%clk
00:25:50]} {[%emt 00:00:35]} Kxe4 {[%clk 01:06:55]} {[%emt 00:00:17]} 58. a6
{[%clk 00:26:11]} {[%emt 00:00:10]} Kxd4 {[%clk 01:07:16]} {[%emt 00:00:09]}
59. a7 {[%clk 00:26:31]} {[%emt 00:00:09]} Kd3 {[%clk 01:07:32]} {[%emt
00:00:14]} 60. a8=Q {[%emt 00:00:14]} Ke3 {[%emt 00:00:04]} 61. Qe8+ {[%clk
00:26:13]} {[%emt 00:00:29]} Kd3 {[%clk 01:07:05]} {[%emt 00:00:58]} 62. Qg6+
{[%clk 00:26:29]} {[%emt 00:00:14]} Kc3 {[%clk 01:07:21]} {[%emt 00:00:13]} 63.
Qxg4 {[%clk 00:26:47]} {[%emt 00:00:12]} Kxb3 {[%clk 01:07:42]} {[%emt
00:00:08]} 64. Qe4 {[%clk 00:26:59]} {[%emt 00:00:18]} Kc3 {[%clk 01:08:06]}
{[%emt 00:00:06]} 65. g4 {[%clk 00:27:15]} {[%emt 00:00:14]} Kb2 {[%clk
01:08:18]} {[%emt 00:00:18]} 66. g5 {[%clk 00:27:34]} {[%emt 00:00:11]} Ka1
{[%clk 01:08:43]} {[%emt 00:00:05]} 67. g6 {[%clk 00:27:41]} {[%emt 00:00:23]}
Kb2 {[%clk 01:09:09]} {[%emt 00:00:04]} 68. Qc6 {[%clk 00:27:48]} {[%emt
00:00:24]} Kb3 {[%clk 01:09:26]} {[%emt 00:00:12]} 69. g7 {[%clk 00:28:09]}
{[%emt 00:00:10]} Kb2 {[%clk 01:09:49]} {[%emt 00:00:07]} 70. g8=R {[%clk
00:28:21]} {[%emt 00:00:18]} Kb3 {[%clk 01:10:09]} {[%emt 00:00:10]} 71. Rb8+
{[%clk 00:28:38]} {[%emt 00:00:13]} Ka3 {[%clk 01:10:35]} {[%emt 00:00:04]} 72.
Qa6# {[%emt 00:01:29]} 1-0

[Event "DVM U12 2023"]
[Site "Magdeburg GER"]
[Date "2023.12.27"]
[Round "2"]
[White "Zhou, Louis Yuchen"]
[Black "Löffelholz, Jonas"]
[Result "1-0"]
[Termination "normal"]
[Board "9.4"]
[WhiteElo "963"]
[BlackElo "1201"]
[WhiteClock "01:03:20"]
[BlackClock "00:45:59"]
[WhiteTeam "SF Brackel 1930"]
[BlackTeam "1. Eichsfelder SC"]
[PlyCount "63"]
[WhiteFideId "34649417"]
[BlackFideId "34616101"]
[EventCountry "GER"]
[EventRounds "7"]
[EventType "team-swiss"]
[EventDate "2023.12.26"]

1. e4 {[%clk 01:30:53]} {[%emt 00:00:04]} c5 {[%clk 01:30:59]} {[%emt
00:00:04]} 2. Nf3 {[%clk 01:31:12]} {[%emt 00:00:10]} d6 {[%clk 01:31:22]}
{[%emt 00:00:07]} 3. d4 {[%clk 01:31:36]} {[%emt 00:00:07]} cxd4 {[%clk
01:31:42]} {[%emt 00:00:10]} 4. Nxd4 {[%clk 01:32:00]} {[%emt 00:00:06]} Nf6
{[%clk 01:31:59]} {[%emt 00:00:13]} 5. Nc3 {[%clk 01:32:19]} {[%emt 00:00:11]}
a6 {[%clk 01:32:20]} {[%emt 00:00:08]} 6. a4 {[%clk 01:31:29]} {[%emt
00:01:21]} e5 {[%clk 01:32:31]} {[%emt 00:00:19]} 7. Nf3 {[%clk 01:30:53]}
{[%emt 00:01:06]} h6 {[%clk 01:32:39]} {[%emt 00:00:21]} 8. h3 {[%clk
01:30:29]} {[%emt 00:00:55]} Be6 {[%clk 01:32:45]} {[%emt 00:00:24]} 9. Be3
{[%clk 01:28:54]} {[%emt 00:02:04]} Be7 {[%clk 01:32:54]} {[%emt 00:00:21]} 10.
Nd5 {[%clk 01:26:56]} {[%emt 00:02:29]} Nxe4 {[%clk 01:32:11]} {[%emt
00:01:13]} 11. Bb6 {[%clk 01:26:23]} {[%emt 00:01:03]} Qd7 {[%clk 01:30:35]}
{[%emt 00:02:05]} 12. Nc7+ {[%clk 01:25:55]} {[%emt 00:00:58]} Kf8 {[%clk
01:30:46]} {[%emt 00:00:20]} 13. Nxa8 {[%clk 01:25:33]} {[%emt 00:00:52]} Qc6
{[%clk 01:29:26]} {[%emt 00:01:50]} 14. Qd3 {[%clk 01:22:58]} {[%emt 00:03:05]}
Bc4 {[%clk 01:27:46]} {[%emt 00:02:10]} 15. Qxc4 {[%clk 01:23:11]} {[%emt
00:00:17]} Nc5 {[%clk 01:26:01]} {[%emt 00:02:15]} 16. Bxc5 {[%clk 01:22:27]}
{[%emt 00:01:15]} dxc5 {[%clk 01:26:09]} {[%emt 00:00:21]} 17. Nxe5 {[%clk
01:22:33]} {[%emt 00:00:24]} Qf6 {[%clk 01:25:19]} {[%emt 00:01:20]} 18. Qd5
{[%clk 01:19:12]} {[%emt 00:03:52]} Bd6 {[%clk 01:22:41]} {[%emt 00:03:09]} 19.
O-O-O {[%clk 01:14:20]} {[%emt 00:05:21]} Be7 {[%clk 01:02:52]} {[%emt
00:20:20]} 20. Bc4 {[%clk 01:10:39]} {[%emt 00:04:11]} g6 {[%clk 00:56:25]}
{[%emt 00:06:57]} 21. Nb6 {[%clk 01:10:17]} {[%emt 00:00:53]} Kg7 {[%clk
00:55:02]} {[%emt 00:01:54]} 22. Qxf7+ {[%clk 01:09:29]} {[%emt 00:01:18]} Qxf7
{[%clk 00:55:03]} {[%emt 00:00:29]} 23. Nxf7 {[%clk 01:09:44]} {[%emt
00:00:15]} Rf8 {[%clk 00:55:00]} {[%emt 00:00:33]} 24. Nd7 {[%clk 01:08:57]}
{[%emt 00:01:17]} Nxd7 {[%clk 00:53:21]} {[%emt 00:02:09]} 25. Rxd7 {[%clk
01:08:56]} {[%emt 00:00:31]} Re8 {[%clk 00:53:39]} {[%emt 00:00:12]} 26. Kd1
{[%clk 01:07:35]} {[%emt 00:01:51]} Kf8 {[%clk 00:48:49]} {[%emt 00:05:20]} 27.
Re1 {[%clk 01:07:14]} {[%emt 00:00:52]} b5 {[%clk 00:47:59]} {[%emt 00:01:19]}
28. Bd3 {[%clk 01:06:35]} {[%emt 00:01:09]} Kxf7 {[%clk 00:48:03]} {[%emt
00:00:27]} 29. Bxg6+ {[%clk 01:05:33]} {[%emt 00:01:33]} Kxg6 {[%clk 00:48:08]}
{[%emt 00:00:25]} 30. Rexe7 {[%clk 01:05:41]} {[%emt 00:00:21]} Rf8 {[%clk
00:45:57]} {[%emt 00:02:41]} 31. Re6+ {[%clk 01:03:33]} {[%emt 00:02:38]} Kf5
{[%clk 00:45:59]} {[%emt 00:00:24]} 32. Rxh6 {[%clk 01:03:20]} {[%emt
00:00:47]} 1-0

[Event "DVM U12 2023"]
[Site "Magdeburg GER"]
[Date "2023.12.27"]
[Round "2"]
[White "Shevchenko, Igor"]
[Black "Dodul, Arthur"]
[Result "0-1"]
[Termination "normal"]
[Board "10.1"]
[WhiteElo "1552"]
[BlackElo "1569"]
[WhiteClock "01:08:09"]
[BlackClock "01:06:19"]
[WhiteTeam "Schachzwerge Magdeburg"]
[BlackTeam "Barnimer SF im SV Stahl Finow"]
[PlyCount "88"]
[WhiteFideId "34634924"]
[BlackFideId "34609016"]
[EventCountry "GER"]
[EventRounds "7"]
[EventType "team-swiss"]
[EventDate "2023.12.26"]

1. d4 {[%clk 01:30:41]} {[%emt 00:00:19]} d5 {[%clk 01:30:54]} {[%emt
00:00:07]} 2. Nf3 {[%clk 01:30:50]} {[%emt 00:00:20]} Nf6 {[%clk 01:30:59]}
{[%emt 00:00:25]} 3. c4 {[%clk 01:31:03]} {[%emt 00:00:17]} c6 {[%clk
01:31:24]} {[%emt 00:00:05]} 4. cxd5 {[%clk 01:30:30]} {[%emt 00:01:03]} cxd5
{[%clk 01:31:45]} {[%emt 00:00:09]} 5. Nc3 {[%clk 01:30:56]} {[%emt 00:00:03]}
Nc6 {[%clk 01:32:05]} {[%emt 00:00:10]} 6. a3 {[%clk 01:30:31]} {[%emt
00:00:56]} h6 {[%clk 01:31:25]} {[%emt 00:01:09]} 7. Bf4 {[%clk 01:30:39]}
{[%emt 00:00:22]} Nh5 {[%clk 01:31:30]} {[%emt 00:00:25]} 8. Bg3 {[%clk
01:30:49]} {[%emt 00:00:21]} Nxg3 {[%clk 01:31:51]} {[%emt 00:00:08]} 9. hxg3
{[%emt 00:00:04]} Bf5 {[%clk 01:32:07]} {[%emt 00:00:12]} 10. e3 {[%clk
01:31:29]} {[%emt 00:00:18]} e6 {[%clk 01:32:20]} {[%emt 00:00:17]} 11. Bd3
{[%clk 01:31:16]} {[%emt 00:00:43]} Bxd3 {[%clk 01:31:26]} {[%emt 00:01:24]}
12. Qxd3 {[%clk 01:31:41]} {[%emt 00:00:05]} Bd6 {[%clk 01:31:47]} {[%emt
00:00:08]} 13. Rc1 {[%clk 01:31:31]} {[%emt 00:00:42]} a6 {[%clk 01:31:35]}
{[%emt 00:00:42]} 14. O-O {[%clk 01:31:51]} {[%emt 00:00:10]} O-O {[%clk
01:32:00]} {[%emt 00:00:05]} 15. Rfd1 {[%clk 01:30:32]} {[%emt 00:01:49]} Qe7
{[%clk 01:30:10]} {[%emt 00:02:20]} 16. Nd2 {[%clk 01:29:52]} {[%emt 00:01:10]}
Rfd8 {[%clk 01:28:07]} {[%emt 00:02:33]} 17. f4 {[%clk 01:29:23]} {[%emt
00:00:59]} Rac8 {[%clk 01:25:33]} {[%emt 00:03:04]} 18. Nf3 {[%clk 01:29:18]}
{[%emt 00:00:35]} Bb8 {[%clk 01:22:41]} {[%emt 00:03:22]} 19. Ne5 {[%clk
01:27:59]} {[%emt 00:01:48]} Nxe5 {[%clk 01:22:29]} {[%emt 00:00:42]} 20. dxe5
{[%clk 01:27:50]} {[%emt 00:00:40]} Ba7 {[%clk 01:22:47]} {[%emt 00:00:11]} 21.
Ne2 {[%clk 01:25:59]} {[%emt 00:02:21]} f6 {[%clk 01:19:07]} {[%emt 00:04:10]}
22. exf6 {[%clk 01:25:33]} {[%emt 00:00:56]} Qxf6 {[%clk 01:19:20]} {[%emt
00:00:17]} 23. Nd4 {[%clk 01:21:28]} {[%emt 00:04:35]} Rxc1 {[%clk 01:17:19]}
{[%emt 00:02:32]} 24. Rxc1 {[%clk 01:21:47]} {[%emt 00:00:11]} e5 {[%clk
01:17:02]} {[%emt 00:00:47]} 25. fxe5 {[%clk 01:16:16]} {[%emt 00:06:01]} Qxe5
{[%clk 01:17:18]} {[%emt 00:00:14]} 26. Rf1 {[%clk 01:12:58]} {[%emt 00:03:48]}
Qxg3 {[%clk 01:09:44]} {[%emt 00:08:04]} 27. Rf3 {[%clk 01:12:31]} {[%emt
00:00:57]} Qe5 {[%clk 01:07:44]} {[%emt 00:02:29]} 28. Rf5 {[%clk 01:10:25]}
{[%emt 00:02:37]} Qe4 {[%clk 01:07:07]} {[%emt 00:01:08]} 29. Qxe4 {[%clk
01:09:09]} {[%emt 00:01:45]} dxe4 {[%clk 01:07:26]} {[%emt 00:00:11]} 30. Nc2
{[%clk 01:09:06]} {[%emt 00:00:34]} Rd2 {[%clk 01:07:43]} {[%emt 00:00:12]} 31.
Rf2 {[%clk 01:09:19]} {[%emt 00:00:18]} Rd3 {[%clk 01:07:20]} {[%emt 00:00:53]}
32. Re2 {[%clk 01:09:24]} {[%emt 00:00:26]} Rb3 {[%clk 01:07:00]} {[%emt
00:00:49]} 33. Nd4 {[%clk 01:09:39]} {[%emt 00:00:16]} Rxe3 {[%clk 01:06:10]}
{[%emt 00:01:20]} 34. Rxe3 {[%clk 01:09:58]} {[%emt 00:00:11]} Bxd4 {[%clk
01:06:34]} {[%emt 00:00:05]} 35. Kf2 {[%clk 01:10:24]} {[%emt 00:00:04]} Bxe3+
{[%clk 01:06:53]} {[%emt 00:00:12]} 36. Kxe3 {[%clk 01:10:50]} {[%emt
00:00:04]} Kf7 {[%clk 01:07:17]} {[%emt 00:00:06]} 37. Kxe4 {[%clk 01:11:16]}
{[%emt 00:00:04]} Ke6 {[%clk 01:07:29]} {[%emt 00:00:18]} 38. b3 {[%clk
01:11:25]} {[%emt 00:00:21]} b5 {[%clk 01:07:48]} {[%emt 00:00:10]} 39. b4
{[%clk 01:11:41]} {[%emt 00:00:15]} g6 {[%clk 01:08:13]} {[%emt 00:00:05]} 40.
Kf4 {[%clk 01:11:43]} {[%emt 00:00:28]} Kd5 {[%clk 01:08:33]} {[%emt 00:00:10]}
41. g3 {[%clk 01:11:52]} {[%emt 00:00:20]} Kd4 {[%clk 01:06:06]} {[%emt
00:02:57]} 42. g4 {[%clk 01:11:31]} {[%emt 00:00:52]} h5 {[%clk 01:05:58]}
{[%emt 00:00:37]} 43. g5 {[%clk 01:11:48]} {[%emt 00:00:13]} Kd5 {[%clk
01:05:58]} {[%emt 00:00:30]} 44. Ke3 {[%clk 01:08:09]} {[%emt 00:04:09]} Ke5
{[%clk 01:06:19]} {[%emt 00:00:09]} 0-1